00730nam a2200193 a 450000100100000000500170001000800410002704000130006808200170008110000470009824500820014526000390022730000200026650000520028660000600033804900090039895201140040799900150052100000755820200929154219.0090909s1995 dr 001 0 spa d aDO-SdBNP a923.5bM538p1 aMéndez Capellán, Víctord192892098110aPensamientos de Víctor Méndez Capellán /cVíctor Méndez Capellán. aSanto Domingo, :bCorripio,c1995. a42 p. ;c23 cm. aIncluye datos biográficos en la contraportada14aMéndez Capellán, Víctord1928xfilosofía920982 aBNPD 0010718PDaPDbPDcCTd2009-09-09iLF1l0o923.5 M538pp7558-10r2020-06-25w2020-06-25yLFPDZNo se presta c7339d7339